Multimediálny výukový program pre vzdelávanie v oblasti informačnej bezpečnosti : Diplomová práca

Enregistré dans:
Détails bibliographiques
Auteur principal: Ulický, Dušan (Auteur)
Autres auteurs: Tanuška, Pavol, 1966- (xxx)
Format: Manuscrit Livre
Langue:slovaque
Publié: Trnava : STU v Bratislave MtF KAIA, 2001
Sujets:
Tags: Ajouter un tag
Pas de tags, Soyez le premier à ajouter un tag!

MARC

LEADER 00000ntm a22000003a 4500
001 stu85569
005 20160719154732.8
008 040401s2001----xo------------------slo-d
040 |a STU  |b slo 
041 0 |a slo 
044 |a xo 
100 1 |a Ulický, Dušan  |4 aut 
245 1 |a Multimediálny výukový program pre vzdelávanie v oblasti informačnej bezpečnosti :  |b Diplomová práca 
260 |a Trnava :  |b STU v Bratislave MtF KAIA,  |c 2001 
300 |a 52 s  |c príl 
650 7 |a aplikovaná informatika a automatizácia v priemysle  |2 stusub 
650 7 |a manažment priemyselných podnikov  |2 stusub 
700 1 |a Tanuška, Pavol,  |d 1966-  |4 xxx  |u M6000  |U MTF Materiálovotechnologická fakulta  |T MTF Ústav aplikovanej informatiky, automatizácie a matematiky  |X 248  |U M6000  |Y 86  |7 A000000248